[Event "Deutsche Ländermeisterschaft 2022"]
[Site "Wiesbaden GER"]
[Date "2022.10.04"]
[Round "7"]
[White "Petrovskiy, Vadim"]
[Black "Krastev, Alexander"]
[Result "0-1"]
[Termination "normal"]
[Board "1.1"]
[WhiteTitle "FM"]
[BlackTitle "IM"]
[WhiteElo "2320"]
[BlackElo "2431"]
[WhiteClock "00:06:07"]
[BlackClock "00:04:48"]
[WhiteTeam "Hessen"]
[BlackTeam "Nordrhein-Westfalen"]
[PlyCount "97"]
[WhiteFideId "14165210"]
[BlackFideId "12989983"]
[EventCountry "GER"]
[EventRounds "7"]
[EventType "team-swiss"]
[EventDate "2022.09.30"]

1. e4 {[%clk 1:30:54]} c5 {[%clk 1:30:58]} 2. Nf3 {[%clk 1:30:21]} e6 {[%clk
1:31:19]} 3. d4 {[%clk 1:29:45]} cxd4 {[%clk 1:31:43]} 4. Nxd4 {[%clk 1:30:12]}
Nf6 {[%clk 1:32:05]} 5. Nc3 {[%clk 1:30:37]} Nc6 {[%clk 1:32:31]} 6. Ndb5
{[%clk 1:29:45]} Bc5 {[%clk 1:31:19]} 7. Bf4 {[%clk 1:28:55]} O-O {[%clk
1:31:36]} 8. Bc7 {[%clk 1:29:15]} Qe7 {[%clk 1:32:01]} 9. Bd6 {[%clk 1:29:37]}
Bxd6 {[%clk 1:32:26]} 10. Qxd6 {[%clk 1:30:02]} Qd8 {[%clk 1:32:52]} 11. O-O-O
{[%clk 1:12:07]} a6 {[%clk 1:32:42]} 12. Nd4 {[%clk 1:11:54]} Ne7 {[%clk
1:32:53]} 13. Qg3 {[%clk 1:08:09]} b5 {[%clk 1:27:14]} 14. e5 {[%clk 0:59:37]}
Ne8 {[%clk 1:15:33]} 15. Bd3 {[%clk 0:54:31]} Bb7 {[%clk 1:14:14]} 16. Be4
{[%clk 0:52:21]} Bxe4 {[%clk 1:05:29]} 17. Nxe4 {[%clk 0:52:49]} Nd5 {[%clk
1:05:48]} 18. Nc5 {[%clk 0:39:14]} Rc8 {[%clk 0:59:25]} 19. Ne4 {[%clk
0:37:19]} f5 {[%clk 0:46:48]} 20. exf6 {[%clk 0:33:40]} Nexf6 {[%clk 0:46:57]}
21. Rhe1 {[%clk 0:33:39]} Nxe4 {[%clk 0:41:05]} 22. Rxe4 {[%clk 0:34:07]} Qf6
{[%clk 0:41:21]} 23. f3 {[%clk 0:32:53]} Rc7 {[%clk 0:37:03]} 24. Kb1 {[%clk
0:29:31]} Rfc8 {[%clk 0:32:22]} 25. Qd6 {[%clk 0:28:35]} a5 {[%clk 0:29:28]}
26. Qa6 {[%clk 0:22:10]} Nb4 {[%clk 0:20:35]} 27. Qxa5 {[%clk 0:17:44]} Nxc2
{[%clk 0:20:52]} 28. Nxb5 {[%clk 0:12:13]} Rc5 {[%clk 0:21:04]} 29. Qb6 {[%clk
0:05:25]} d5 {[%clk 0:16:34]} 30. Rxe6 {[%clk 0:04:13]} Qf5 {[%clk 0:16:56]}
31. Qxc5 {[%clk 0:03:06]} Ne3+ {[%clk 0:07:35]} 32. Ka1 {[%clk 0:03:33]} Rxc5
{[%clk 0:07:02]} 33. Re8+ {[%clk 0:03:25]} Qf8 {[%clk 0:07:28]} 34. Rxf8+
{[%clk 0:03:44]} Kxf8 {[%clk 0:07:57]} 35. Nd4 {[%clk 0:02:44]} Rc4 {[%clk
0:08:18]} 36. b3 {[%clk 0:02:24]} Rxd4 {[%clk 0:08:38]} 37. Rxd4 {[%clk
0:02:53]} Nc2+ {[%clk 0:09:02]} 38. Kb2 {[%clk 0:03:19]} Nxd4 {[%clk 0:09:28]}
39. Kc3 {[%clk 0:03:46]} Ne6 {[%clk 0:01:16]} 40. a4 {[%clk 0:03:27]} Ke7
{[%clk 0:01:40]} 41. b4 {[%clk 0:01:51]} Kd6 {[%clk 0:00:36]} 42. a5 {[%clk
0:23:14]} Kc6 {[%clk 0:22:22]} 43. g3 {[%clk 0:20:31]} Kb5 {[%clk 0:13:39]} 44.
f4 {[%clk 0:17:23]} g6 {[%clk 0:13:39]} 45. Kd3 {[%clk 0:06:02]} Kxb4 {[%clk
0:05:21]} 46. a6 {[%clk 0:05:21]} Kc5 {[%clk 0:05:43]} 47. a7 {[%clk 0:05:47]}
Nc7 {[%clk 0:06:11]} 48. g4 {[%clk 0:06:07]} Kb6 {[%clk 0:04:48]} 49. Kd4 0-1

[Event "Deutsche Ländermeisterschaft 2022"]
[Site "Wiesbaden GER"]
[Date "2022.10.04"]
[Round "7"]
[White "Leonard, Timo"]
[Black "Stork, Oliver"]
[Result "1/2-1/2"]
[Termination "normal"]
[Board "1.2"]
[BlackTitle "FM"]
[WhiteElo "2067"]
[BlackElo "2315"]
[WhiteClock "00:14:45"]
[BlackClock "00:23:16"]
[WhiteTeam "Nordrhein-Westfalen"]
[BlackTeam "Hessen"]
[PlyCount "94"]
[WhiteFideId "16208757"]
[BlackFideId "12955728"]
[EventCountry "GER"]
[EventRounds "7"]
[EventType "team-swiss"]
[EventDate "2022.09.30"]

1. d4 {[%clk 1:30:50]} g6 {[%clk 1:30:51]} 2. e4 {[%clk 1:29:43]} Bg7 {[%clk
1:31:11]} 3. c4 {[%clk 1:30:00]} d6 {[%clk 1:29:33]} 4. Nc3 {[%clk 1:29:20]} c5
{[%clk 1:20:09]} 5. d5 {[%clk 1:29:17]} Nf6 6. h3 {[%clk 1:24:12]} O-O {[%clk
1:16:14]} 7. Nf3 {[%clk 1:24:40]} e6 {[%clk 1:16:29]} 8. Be2 {[%clk 1:23:43]}
Re8 {[%clk 1:09:40]} 9. O-O {[%clk 1:21:38]} exd5 {[%clk 1:09:44]} 10. exd5
{[%clk 1:22:01]} Bf5 {[%clk 1:10:07]} 11. Nh4 {[%clk 1:13:39]} Bd7 {[%clk
0:44:08]} 12. Bd3 {[%clk 1:09:23]} Na6 {[%clk 0:44:22]} 13. Nf3 {[%clk
1:07:41]} b5 {[%clk 0:41:41]} 14. Nd2 {[%clk 0:50:35]} Nc7 {[%clk 0:37:03]} 15.
cxb5 {[%clk 0:46:25]} Rb8 {[%clk 0:36:13]} 16. Qb3 {[%clk 0:40:06]} Bxb5 {[%clk
0:34:05]} 17. Bxb5 {[%clk 0:38:26]} Nxb5 {[%clk 0:34:28]} 18. Nxb5 {[%clk
0:38:49]} a6 {[%clk 0:34:48]} 19. a4 {[%clk 0:39:04]} Qd7 {[%clk 0:33:00]} 20.
Nc4 {[%clk 0:32:38]} axb5 {[%clk 0:33:19]} 21. axb5 {[%clk 0:33:03]} Nxd5
{[%clk 0:27:04]} 22. Ra6 {[%clk 0:26:40]} Nc7 {[%clk 0:10:34]} 23. Rxd6 {[%clk
0:21:09]} Qxb5 {[%clk 0:10:59]} 24. Qxb5 {[%clk 0:21:24]} Nxb5 {[%clk 0:11:26]}
25. Rc6 {[%clk 0:20:10]} Rec8 {[%clk 0:07:33]} 26. Rxc8+ {[%clk 0:20:02]} Rxc8
{[%clk 0:08:02]} 27. Re1 {[%clk 0:17:21]} Nd4 {[%clk 0:04:20]} 28. Nd6 {[%clk
0:13:37]} Rb8 {[%clk 0:04:15]} 29. Kf1 {[%clk 0:09:13]} Ne6 {[%clk 0:03:58]}
30. Nc4 {[%clk 0:07:04]} Rb4 {[%clk 0:03:58]} 31. Ne5 {[%clk 0:06:55]} h5
{[%clk 0:02:56]} 32. Nxg6 {[%clk 0:03:25]} Bxb2 {[%clk 0:03:13]} 33. Bxb2
{[%clk 0:03:45]} Rxb2 {[%clk 0:03:36]} 34. Ne5 {[%clk 0:03:52]} Kg7 {[%clk
0:03:11]} 35. Rc1 {[%clk 0:03:26]} Rb5 {[%clk 0:03:14]} 36. Nd7 {[%clk
0:03:02]} Kg6 {[%clk 0:03:08]} 37. Ke2 {[%clk 0:02:27]} Kf5 {[%clk 0:03:21]}
38. g3 {[%clk 0:01:16]} Ra5 {[%clk 0:01:04]} 39. Kd3 {[%clk 0:00:48]} Ra3+
{[%clk 0:00:48]} 40. Kc4 {[%clk 0:00:41]} Ra2 {[%clk 0:00:37]} 41. Nxc5 {[%clk
0:26:16]} Nxc5 {[%clk 0:28:01]} 42. Kxc5 {[%clk 0:25:54]} Rxf2 {[%clk 0:28:26]}
43. Kd4 {[%clk 0:25:52]} Rf3 {[%clk 0:26:07]} 44. Rc5+ {[%clk 0:21:32]} Kg6
{[%clk 0:26:28]} 45. Rc3 {[%clk 0:18:13]} Rf1 {[%clk 0:26:48]} 46. Ke4 {[%clk
0:18:11]} Kg5 {[%clk 0:26:36]} 47. Rc8 {[%clk 0:14:45]} Kg6 {[%clk 0:23:16]}
1/2-1/2

[Event "Deutsche Ländermeisterschaft 2022"]
[Site "Wiesbaden GER"]
[Date "2022.10.04"]
[Round "7"]
[White "Laux, Dominik"]
[Black "Gluma, Christian"]
[Result "1-0"]
[Termination "normal"]
[Board "1.3"]
[WhiteTitle "FM"]
[WhiteElo "2248"]
[BlackElo "2107"]
[WhiteClock "00:15:26"]
[BlackClock "01:03:38"]
[WhiteTeam "Hessen"]
[BlackTeam "Nordrhein-Westfalen"]
[PlyCount "53"]
[WhiteFideId "12994219"]
[BlackFideId "16223209"]
[EventCountry "GER"]
[EventRounds "7"]
[EventType "team-swiss"]
[EventDate "2022.09.30"]

1. e4 {[%clk 1:30:31]} g6 {[%clk 1:30:54]} 2. d4 {[%clk 1:30:36]} Bg7 {[%clk
1:31:17]} 3. Nc3 {[%clk 1:30:43]} d6 {[%clk 1:31:05]} 4. f4 {[%clk 1:30:08]}
Nd7 {[%clk 1:30:50]} 5. Nf3 {[%clk 1:29:39]} b6 {[%clk 1:30:43]} 6. Bd3 {[%clk
1:26:40]} Bb7 {[%clk 1:30:26]} 7. O-O {[%clk 1:25:24]} e6 {[%clk 1:30:03]} 8.
e5 {[%clk 1:20:30]} Bxf3 {[%clk 1:29:24]} 9. Qxf3 {[%clk 1:20:45]} d5 {[%clk
1:26:19]} 10. f5 {[%clk 1:18:24]} gxf5 {[%clk 1:24:39]} 11. Bxf5 {[%clk
1:05:20]} Qe7 {[%clk 1:22:32]} 12. Qg3 {[%clk 1:00:23]} Bh6 {[%clk 1:19:13]}
13. Bd3 {[%clk 0:56:31]} O-O-O {[%clk 1:12:54]} 14. Bxh6 {[%clk 0:54:31]} Nxh6
{[%clk 1:13:14]} 15. Qf4 {[%clk 0:54:19]} Qf8 {[%clk 1:12:46]} 16. Rf3 {[%clk
0:51:36]} Rg8 {[%clk 1:08:37]} 17. Rh3 {[%clk 0:49:54]} Qg7 {[%clk 1:08:07]}
18. g3 {[%clk 0:43:51]} Qg4 {[%clk 1:07:13]} 19. Qxh6 {[%clk 0:39:47]} Qxd4+
{[%clk 1:06:52]} 20. Kh1 {[%clk 0:40:02]} Nxe5 {[%clk 1:06:28]} 21. Qf4 {[%clk
0:35:16]} Rg4 {[%clk 1:06:06]} 22. Qxd4 {[%clk 0:35:26]} Rxd4 {[%clk 1:06:30]}
23. Rxh7 {[%clk 0:29:44]} Rf8 {[%clk 1:05:12]} 24. Rd1 {[%clk 0:26:32]} Kd8
{[%clk 1:05:19]} 25. h3 {[%clk 0:18:50]} c5 {[%clk 1:04:45]} 26. Kg2 {[%clk
0:17:30]} c4 {[%clk 1:03:38]} 27. Ne2 {[%clk 0:15:26]} 1-0

[Event "Deutsche Ländermeisterschaft 2022"]
[Site "Wiesbaden GER"]
[Date "2022.10.04"]
[Round "7"]
[White "Besou, Hussain"]
[Black "Hagner, Bennet"]
[Result "0-1"]
[Termination "normal"]
[Board "1.4"]
[WhiteElo "2119"]
[BlackElo "2253"]
[WhiteClock "00:29:53"]
[BlackClock "00:12:14"]
[WhiteTeam "Nordrhein-Westfalen"]
[BlackTeam "Hessen"]
[PlyCount "110"]
[WhiteFideId "16269950"]
[BlackFideId "16224477"]
[EventCountry "GER"]
[EventRounds "7"]
[EventType "team-swiss"]
[EventDate "2022.09.30"]

1. e4 {[%clk 1:30:56]} c5 {[%clk 1:30:53]} 2. Nf3 {[%clk 1:31:19]} d6 {[%clk
1:31:20]} 3. d4 {[%clk 1:31:43]} cxd4 {[%clk 1:31:46]} 4. Nxd4 {[%clk 1:32:06]}
Nf6 {[%clk 1:32:11]} 5. Nc3 {[%clk 1:32:30]} a6 {[%clk 1:32:37]} 6. Bg5 {[%clk
1:32:45]} e6 {[%clk 1:32:59]} 7. f4 {[%clk 1:33:10]} Nbd7 {[%clk 1:33:21]} 8.
Qf3 {[%clk 1:33:31]} Qc7 {[%clk 1:33:41]} 9. O-O-O {[%clk 1:33:51]} b5 {[%clk
1:34:04]} 10. Bd3 {[%clk 1:33:22]} Bb7 {[%clk 1:34:16]} 11. Rhe1 {[%clk
1:33:43]} Qb6 {[%clk 1:34:04]} 12. Bxf6 {[%clk 1:13:46]} gxf6 {[%clk 1:28:15]}
13. Nce2 {[%clk 1:09:16]} h5 {[%clk 1:22:40]} 14. c3 {[%clk 1:02:09]} Nc5
{[%clk 1:12:55]} 15. f5 {[%clk 0:59:46]} e5 {[%clk 1:11:48]} 16. Nc2 {[%clk
0:59:56]} a5 {[%clk 1:06:52]} 17. Ne3 {[%clk 0:47:06]} Bh6 {[%clk 1:03:32]} 18.
Kb1 {[%clk 0:47:00]} Bxe3 {[%clk 0:46:54]} 19. Qxe3 {[%clk 0:47:21]} Ke7 {[%clk
0:47:20]} 20. Bc2 {[%clk 0:41:02]} Rhg8 {[%clk 0:44:58]} 21. Qf3 {[%clk
0:40:25]} Rg4 {[%clk 0:44:22]} 22. Ng3 {[%clk 0:37:32]} Rag8 {[%clk 0:43:24]}
23. Nxh5 {[%clk 0:37:06]} Rxg2 {[%clk 0:41:51]} 24. Re2 {[%clk 0:35:43]} Rxe2
{[%clk 0:34:09]} 25. Qxe2 {[%clk 0:36:09]} b4 {[%clk 0:34:32]} 26. cxb4 {[%clk
0:29:48]} axb4 {[%clk 0:32:07]} 27. Qe3 {[%clk 0:27:38]} Rh8 {[%clk 0:27:16]}
28. Qf3 {[%clk 0:25:45]} b3 {[%clk 0:26:24]} 29. axb3 {[%clk 0:25:45]} Qa6
{[%clk 0:17:29]} 30. Ng3 {[%clk 0:22:46]} Ra8 {[%clk 0:17:29]} 31. Kc1 {[%clk
0:23:09]} Qa1+ {[%clk 0:12:55]} 32. Kd2 {[%clk 0:23:30]} Qxb2 {[%clk 0:13:19]}
33. Qc3 {[%clk 0:23:52]} Qa2 {[%clk 0:13:41]} 34. Ke3 {[%clk 0:23:09]} Qa7
{[%clk 0:07:36]} 35. Kf3 {[%clk 0:23:15]} Rh8 {[%clk 0:07:21]} 36. b4 {[%clk
0:22:05]} Nd7 {[%clk 0:07:43]} 37. Qd2 {[%clk 0:21:13]} Qb6 {[%clk 0:07:47]}
38. Bb3 {[%clk 0:19:42]} Rh4 {[%clk 0:07:19]} 39. Bc2 {[%clk 0:17:32]} Nf8
{[%clk 0:03:18]} 40. Qe3 {[%clk 0:15:36]} Rf4+ {[%clk 0:01:33]} 41. Ke2 {[%clk
0:15:59]} Qxb4 {[%clk 0:27:34]} 42. Bd3 {[%clk 0:44:45]} Qa5 {[%clk 0:24:17]}
43. Qd2 {[%clk 0:39:30]} Qa4 {[%clk 0:23:24]} 44. Qe3 {[%clk 0:33:46]} Nd7
{[%clk 0:21:24]} 45. Rc1 {[%clk 0:32:57]} Ba6 {[%clk 0:19:09]} 46. Bxa6 {[%clk
0:31:44]} Qxa6+ {[%clk 0:19:31]} 47. Kd2 {[%clk 0:31:30]} Nc5 {[%clk 0:19:23]}
48. Rc2 {[%clk 0:31:25]} Qa5+ {[%clk 0:16:22]} 49. Ke2 {[%clk 0:31:34]} Qb5+
{[%clk 0:16:29]} 50. Kd2 {[%clk 0:31:53]} Qb4+ {[%clk 0:14:42]} 51. Kd1 {[%clk
0:31:00]} Qa4 {[%clk 0:14:11]} 52. Kc1 {[%clk 0:29:20]} Nb3+ {[%clk 0:12:46]}
53. Kb2 {[%clk 0:29:40]} Nd4 {[%clk 0:12:40]} 54. Rc7+ {[%clk 0:29:44]} Kd8
{[%clk 0:12:24]} 55. Rc3 {[%clk 0:29:53]} Qb4+ {[%clk 0:12:14]} 0-1

[Event "Deutsche Ländermeisterschaft 2022"]
[Site "Wiesbaden GER"]
[Date "2022.10.04"]
[Round "7"]
[White "Buchinger, Alexis"]
[Black "Rudolph, Eva"]
[Result "0-1"]
[Termination "normal"]
[Board "1.5"]
[WhiteElo "1802"]
[BlackElo "1911"]
[WhiteClock "00:38:22"]
[BlackClock "00:24:14"]
[WhiteTeam "Hessen"]
[BlackTeam "Nordrhein-Westfalen"]
[PlyCount "95"]
[WhiteFideId "16287134"]
[BlackFideId "16200594"]
[EventCountry "GER"]
[EventRounds "7"]
[EventType "team-swiss"]
[EventDate "2022.09.30"]

1. e4 {[%clk 1:30:56]} c5 {[%clk 1:30:56]} 2. Nf3 {[%clk 1:31:21]} a6 {[%clk
1:31:19]} 3. c4 {[%clk 1:30:46]} e6 {[%clk 1:31:38]} 4. Nc3 {[%clk 1:30:29]}
Qc7 {[%clk 1:30:41]} 5. g3 {[%clk 1:28:42]} Nc6 {[%clk 1:29:10]} 6. Bg2 {[%clk
1:28:29]} Nf6 {[%clk 1:28:01]} 7. O-O {[%clk 1:28:02]} Nd4 {[%clk 1:18:51]} 8.
d3 {[%clk 1:27:25]} Be7 {[%clk 1:16:15]} 9. Nxd4 {[%clk 1:25:16]} cxd4 {[%clk
1:16:36]} 10. Ne2 {[%clk 1:25:42]} e5 {[%clk 1:16:21]} 11. h3 {[%clk 1:23:33]}
h5 {[%clk 1:04:51]} 12. f4 {[%clk 1:20:32]} d6 {[%clk 1:04:01]} 13. f5 {[%clk
1:19:19]} Bd7 {[%clk 0:59:33]} 14. Bd2 {[%clk 1:16:34]} b5 {[%clk 0:55:15]} 15.
b3 {[%clk 1:15:00]} a5 {[%clk 0:44:54]} 16. Kh2 {[%clk 1:06:14]} Rb8 {[%clk
0:40:08]} 17. Rb1 {[%clk 1:01:38]} Bc6 {[%clk 0:33:15]} 18. Qc2 {[%clk
0:57:05]} Bd8 {[%clk 0:30:26]} 19. Rfc1 {[%clk 0:55:00]} Kd7 {[%clk 0:30:15]}
20. Bf3 {[%clk 0:49:07]} Qb6 {[%clk 0:24:21]} 21. Kg2 {[%clk 0:45:48]} Be7
{[%clk 0:23:31]} 22. Qd1 {[%clk 0:29:02]} Qa7 {[%clk 0:19:18]} 23. Ng1 {[%clk
0:23:10]} b4 {[%clk 0:13:02]} 24. Qe1 {[%clk 0:22:11]} Bd8 {[%clk 0:12:23]} 25.
Kf2 {[%clk 0:20:43]} Ke8 {[%clk 0:10:45]} 26. Ke2 {[%clk 0:18:43]} Nd7 {[%clk
0:10:55]} 27. Kd1 {[%clk 0:17:23]} Nc5 {[%clk 0:11:08]} 28. Kc2 {[%clk
0:17:35]} a4 {[%clk 0:08:50]} 29. Bxb4 {[%clk 0:13:48]} axb3+ {[%clk 0:08:38]}
30. axb3 {[%clk 0:14:01]} Qa2+ {[%clk 0:08:33]} 31. Rb2 {[%clk 0:11:50]} Qxb2+
{[%clk 0:07:26]} 32. Kxb2 {[%clk 0:12:16]} Nxd3+ {[%clk 0:07:41]} 33. Kc2
{[%clk 0:12:42]} Nxe1+ {[%clk 0:07:53]} 34. Bxe1 {[%clk 0:13:08]} Bg5 {[%clk
0:06:41]} 35. Ra1 {[%clk 0:13:29]} Kd7 {[%clk 0:06:04]} 36. b4 {[%clk 0:12:44]}
h4 {[%clk 0:04:10]} 37. g4 {[%clk 0:11:25]} Ra8 {[%clk 0:04:02]} 38. Rxa8
{[%clk 0:09:57]} Rxa8 {[%clk 0:04:30]} 39. Kb2 {[%clk 0:09:35]} Be3 {[%clk
0:02:23]} 40. Ne2 {[%clk 0:09:51]} Bg5 {[%clk 0:02:06]} 41. Nc1 {[%clk
0:07:16]} Bxc1+ {[%clk 0:27:43]} 42. Kxc1 {[%clk 0:36:52]} Ra1+ {[%clk
0:27:33]} 43. Kd2 {[%clk 0:36:57]} Ra2+ {[%clk 0:27:32]} 44. Kc1 {[%clk
0:37:04]} Rh2 {[%clk 0:27:21]} 45. g5 {[%clk 0:37:23]} f6 {[%clk 0:25:05]} 46.
gxf6 {[%clk 0:37:35]} gxf6 {[%clk 0:25:08]} 47. Bg4 {[%clk 0:37:56]} Bxe4
{[%clk 0:24:14]} 48. Bxh4 {[%clk 0:38:22]} 0-1

[Event "Deutsche Ländermeisterschaft 2022"]
[Site "Wiesbaden GER"]
[Date "2022.10.04"]
[Round "7"]
[White "Möller, Maurin"]
[Black "Buchholz, Maja"]
[Result "1-0"]
[Termination "normal"]
[Board "1.6"]
[WhiteElo "1936"]
[BlackElo "1765"]
[WhiteClock "01:19:13"]
[BlackClock "01:23:08"]
[WhiteTeam "Nordrhein-Westfalen"]
[BlackTeam "Hessen"]
[PlyCount "71"]
[WhiteFideId "16265696"]
[BlackFideId "16200500"]
[EventCountry "GER"]
[EventRounds "7"]
[EventType "team-swiss"]
[EventDate "2022.09.30"]

1. e4 {[%clk 1:30:57]} e6 {[%clk 1:30:54]} 2. d4 {[%clk 1:31:24]} d5 {[%clk
1:31:19]} 3. Nd2 {[%clk 1:31:50]} Nf6 {[%clk 1:31:42]} 4. e5 {[%clk 1:32:09]}
Nfd7 {[%clk 1:32:07]} 5. Bd3 {[%clk 1:32:31]} c5 {[%clk 1:32:28]} 6. c3 {[%clk
1:32:53]} Nc6 {[%clk 1:32:51]} 7. Ne2 {[%clk 1:33:13]} cxd4 {[%clk 1:33:12]} 8.
cxd4 {[%clk 1:33:39]} f6 {[%clk 1:33:08]} 9. exf6 {[%clk 1:34:04]} Nxf6 {[%clk
1:33:32]} 10. O-O {[%clk 1:34:15]} Bd6 {[%clk 1:33:56]} 11. Nf3 {[%clk
1:34:40]} Qc7 {[%clk 1:34:20]} 12. Bg5 {[%clk 1:34:28]} O-O {[%clk 1:34:42]}
13. Bh4 {[%clk 1:34:11]} Nh5 {[%clk 1:34:51]} 14. Qc2 {[%clk 1:34:25]} h6
{[%clk 1:34:09]} 15. Bh7+ {[%clk 1:34:39]} Kh8 {[%clk 1:34:32]} 16. Bg6 {[%clk
1:35:06]} Rxf3 {[%clk 1:34:16]} 17. Bxh5 {[%clk 1:35:31]} Rf8 {[%clk 1:34:14]}
18. Bg3 {[%clk 1:29:55]} Bxg3 {[%clk 1:33:35]} 19. fxg3 {[%clk 1:23:39]} Bd7
{[%clk 1:30:56]} 20. Nf4 {[%clk 1:20:49]} Rf6 {[%clk 1:27:31]} 21. Ng6+ {[%clk
1:20:28]} Kg8 {[%clk 1:27:53]} 22. Rxf6 {[%clk 1:20:48]} gxf6 {[%clk 1:28:14]}
23. Ne7+ {[%clk 1:21:08]} Kh8 {[%clk 1:25:50]} 24. Qg6 {[%clk 1:21:11]} Nxe7
{[%clk 1:25:44]} 25. Qxf6+ {[%clk 1:21:36]} Kg8 {[%clk 1:25:24]} 26. Qxe7
{[%clk 1:18:13]} Rf8 {[%clk 1:23:48]} 27. Bg6 {[%clk 1:18:26]} Rf5 {[%clk
1:21:43]} 28. Qh7+ {[%clk 1:18:14]} Kf8 {[%clk 1:22:07]} 29. Qxh6+ {[%clk
1:18:08]} Kg8 {[%clk 1:21:21]} 30. Qh7+ {[%clk 1:18:22]} Kf8 {[%clk 1:21:44]}
31. Qh8+ {[%clk 1:18:49]} Ke7 {[%clk 1:22:02]} 32. Qg7+ {[%clk 1:18:16]} Kd8
{[%clk 1:22:20]} 33. Bxf5 {[%clk 1:18:42]} exf5 {[%clk 1:22:44]} 34. Qf8+
{[%clk 1:18:35]} Be8 {[%clk 1:23:08]} 35. Re1 {[%clk 1:19:02]} Qd7 {[%clk
1:23:08]} 36. h4 {[%clk 1:19:13]} 1-0

[Event "Deutsche Ländermeisterschaft 2022"]
[Site "Wiesbaden GER"]
[Date "2022.10.04"]
[Round "7"]
[White "Bezsonna, Polina"]
[Black "Trunz, Michelle"]
[Result "0-1"]
[Termination "normal"]
[Board "1.7"]
[WhiteElo "1649"]
[BlackElo "1821"]
[WhiteClock "00:10:14"]
[BlackClock "00:23:14"]
[WhiteTeam "Hessen"]
[BlackTeam "Nordrhein-Westfalen"]
[PlyCount "130"]
[WhiteFideId "14191156"]
[BlackFideId "16227980"]
[EventCountry "GER"]
[EventRounds "7"]
[EventType "team-swiss"]
[EventDate "2022.09.30"]

1. d4 {[%clk 1:30:56]} f5 {[%clk 1:30:56]} 2. Nf3 {[%clk 1:31:15]} Nf6 {[%clk
1:31:20]} 3. Bf4 {[%clk 1:31:29]} e6 {[%clk 1:31:30]} 4. e3 {[%clk 1:31:45]} g6
{[%clk 1:28:25]} 5. c4 {[%clk 1:30:25]} Bg7 {[%clk 1:28:12]} 6. Nc3 {[%clk
1:30:13]} O-O {[%clk 1:28:12]} 7. Be2 {[%clk 1:25:54]} d6 {[%clk 1:28:14]} 8.
h3 {[%clk 1:24:56]} Qe7 {[%clk 1:26:25]} 9. Qc2 {[%clk 1:11:51]} Nbd7 {[%clk
1:25:54]} 10. Rd1 {[%clk 1:02:09]} b6 {[%clk 1:25:24]} 11. d5 {[%clk 0:53:09]}
e5 {[%clk 1:24:31]} 12. Bh2 {[%clk 0:51:30]} Nc5 {[%clk 1:18:38]} 13. b4 {[%clk
0:46:22]} Nce4 {[%clk 1:18:43]} 14. Nxe4 {[%clk 0:45:26]} Nxe4 {[%clk 1:18:39]}
15. Nd2 {[%clk 0:42:46]} Nf6 {[%clk 1:14:53]} 16. O-O {[%clk 0:32:52]} Bb7
{[%clk 1:12:47]} 17. e4 {[%clk 0:26:40]} f4 {[%clk 0:58:51]} 18. Nb3 {[%clk
0:25:03]} h5 {[%clk 0:53:13]} 19. Rc1 {[%clk 0:20:04]} Bh6 {[%clk 0:42:46]} 20.
f3 {[%clk 0:18:32]} g5 {[%clk 0:42:25]} 21. c5 {[%clk 0:10:51]} Rf7 {[%clk
0:39:32]} 22. Kf2 {[%clk 0:09:05]} Rg7 {[%clk 0:37:29]} 23. Ke1 {[%clk
0:08:35]} g4 {[%clk 0:36:29]} 24. hxg4 {[%clk 0:07:49]} Nxg4 {[%clk 0:32:12]}
25. Bg1 {[%clk 0:07:32]} Qh4+ {[%clk 0:29:01]} 26. Kd1 {[%clk 0:07:08]} Ne3+
{[%clk 0:28:48]} 27. Bxe3 {[%clk 0:07:16]} fxe3 {[%clk 0:29:14]} 28. Qd3 {[%clk
0:01:51]} a5 {[%clk 0:26:56]} 29. cxb6 {[%clk 0:00:31]} cxb6 {[%clk 0:25:59]}
30. b5 a4 {[%clk 0:24:11]} 31. Na1 {[%clk 0:00:58]} Rxg2 {[%clk 0:19:09]} 32.
Rc2 {[%clk 0:00:47]} Qd8 {[%clk 0:14:57]} 33. Kc1 {[%clk 0:00:45]} Rc8 {[%clk
0:14:18]} 34. Rxc8 {[%clk 0:00:59]} Qxc8+ {[%clk 0:14:42]} 35. Kb1 {[%clk
0:01:03]} Qc5 {[%clk 0:13:40]} 36. a3 {[%clk 0:00:46]} Qd4 {[%clk 0:11:27]} 37.
Re1 {[%clk 0:00:35]} Qxd3+ {[%clk 0:11:29]} 38. Bxd3 {[%clk 0:01:00]} h4 {[%clk
0:11:05]} 39. Nc2 {[%clk 0:00:57]} h3 {[%clk 0:10:20]} 40. Bf1 {[%clk 0:00:46]}
Rg3 {[%clk 0:10:10]} 41. Bxh3 {[%clk 0:00:46]} Rxh3 {[%clk 0:10:29]} 42. Nxe3
{[%clk 0:00:57]} Rxf3 {[%clk 0:08:06]} 43. Nc4 {[%clk 0:00:42]} Bf8 {[%clk
0:05:26]} 44. Nxb6 {[%clk 0:00:39]} Rxa3 {[%clk 0:04:54]} 45. Kb2 {[%clk
0:29:14]} Rb3+ {[%clk 0:34:51]} 46. Ka2 {[%clk 0:29:30]} Rxb5 {[%clk 0:34:10]}
47. Nxa4 {[%clk 0:29:39]} Bxd5+ {[%clk 0:33:36]} 48. exd5 {[%clk 0:29:22]} Rxd5
{[%clk 0:34:00]} 49. Kb3 {[%clk 0:28:16]} Rd3+ {[%clk 0:33:12]} 50. Kc2 {[%clk
0:26:31]} Rf3 {[%clk 0:33:25]} 51. Nb6 {[%clk 0:25:07]} Kf7 {[%clk 0:32:51]}
52. Kd2 {[%clk 0:18:33]} Bh6+ {[%clk 0:32:05]} 53. Kc2 {[%clk 0:17:27]} Ke6
{[%clk 0:31:16]} 54. Nc4 {[%clk 0:16:36]} Bf4 {[%clk 0:30:32]} 55. Ra1 {[%clk
0:13:30]} e4 {[%clk 0:27:33]} 56. Ra4 {[%clk 0:13:14]} d5 {[%clk 0:25:42]} 57.
Ra6+ {[%clk 0:12:01]} Kf5 {[%clk 0:25:50]} 58. Nb6 {[%clk 0:11:56]} Rf2+ {[%clk
0:25:31]} 59. Kc3 {[%clk 0:11:37]} Be5+ {[%clk 0:25:31]} 60. Kb4 {[%clk
0:11:26]} d4 {[%clk 0:24:38]} 61. Nc4 {[%clk 0:11:15]} Kf4 {[%clk 0:24:13]} 62.
Ra5 {[%clk 0:10:52]} Bf6 {[%clk 0:24:01]} 63. Nb6 {[%clk 0:09:43]} Rb2+ {[%clk
0:23:13]} 64. Kc5 {[%clk 0:09:59]} Rxb6 {[%clk 0:22:47]} 65. Kxb6 {[%clk
0:10:14]} Bd8+ {[%clk 0:23:14]} 0-1